[Event "ITA-ch U14 Girls"]
[Site "Courmayeur"]
[Date "2013.06.30"]
[Round "1"]
[White "Carando, Enrica"]
[Black "Scarpa, Silvia"]
[Result "0-1"]
[WhiteElo "1446"]
[BlackElo "1753"]
[PlyCount "52"]
[EventDate "2013.06.30"]
[EventType "swiss"]
[EventRounds "9"]
[EventCountry "ITA"]
[SourceTitle "EXT 2015"]
[Source "ChessBase"]
[SourceDate "2014.11.20"]
[SourceVersion "1"]
[SourceVersionDate "2014.11.20"]
[SourceQuality "1"]

1. d4 Nf6 2. Nc3 e6 3. Nf3 Nc6 4. e4 h6 5. e5 Nd5 6. Nxd5 exd5 7. c4 dxc4 8. Bxc4 d5 9. Bb5 Bd7 10. Qb3 Bb4+ 11. Bd2 Bxd2+ 12. Nxd2 Nxd4 13. Bxd7+ Qxd7 14. Qd3 Nc6 15. Qg3 0-0 16. 0-0 Rfe8 17. Rfe1 Re6 18. Qg4 Qe7 19. f4 Qb4 20. Nb3 Nxe5 21. fxe5 Qxg4 22. g3 Rae8 23. Rad1 Rxe5 24. Rxe5 Rxe5 25. Rc1 Re2 26. Rf1 Qh3 0-1

[Event "Biella Vercelli Province-ch"]
[Site "Santhia"]
[Date "2013.04.12"]
[Round "5"]
[White "Carando, Enrica"]
[Black "Lavino, Stefano"]
[Result "0-1"]
[WhiteElo "1425"]
[BlackElo "1640"]
[PlyCount "32"]
[EventDate "2013.03.08"]
[EventType "swiss"]
[EventRounds "5"]
[EventCountry "ITA"]
[SourceTitle "EXT 2014"]
[Source "ChessBase"]
[SourceDate "2013.11.20"]
[SourceVersion "1"]
[SourceVersionDate "2013.11.20"]
[SourceQuality "1"]

1. e4 c5 2. Nf3 d6 3. d4 cxd4 4. Nxd4 Nf6 5. Nc3 g6 6. Bg5 Bg7 7. Bc4 0-0 8. Qe2 Qa5 9. 0-0-0 Qxg5+ 10. Kb1 Nc6 11. Nxc6 bxc6 12. Qf3 Bg4 13. Qg3 Qc5 14. Be2 Bxe2 15. Nxe2 Nxe4 16. Qf3 Nxf2 0-1

[Event "Biella Vercelli Province-ch"]
[Site "Santhia"]
[Date "2013.03.22"]
[Round "3"]
[White "Costantino, Gian Franco"]
[Black "Carando, Enrica"]
[Result "1-0"]
[WhiteElo "1758"]
[BlackElo "1425"]
[PlyCount "37"]
[EventDate "2013.03.08"]
[EventType "swiss"]
[EventRounds "5"]
[EventCountry "ITA"]
[SourceTitle "EXT 2014"]
[Source "ChessBase"]
[SourceDate "2013.11.20"]
[SourceVersion "1"]
[SourceVersionDate "2013.11.20"]
[SourceQuality "1"]

1. Nf3 Nc6 2. c4 d5 3. cxd5 Qxd5 4. Nc3 Qd7 5. g3 b6 6. Bg2 Bb7 7. 0-0 0-0-0 8. d3 Nf6 9. Bd2 h6 10. Rc1 e5 11. a3 Bd6 12. Qc2 Nd4 13. Nxd4 exd4 14. Bxb7+ Kxb7 15. Na2 h5 16. Qc4 h4 17. Nb4 b5 18. Qc6+ Kc8 19. Qa8# 1-0